<?xml version="1.0" encoding="UTF-8"?>
<record
    xmlns:xsi="http://www.w3.org/2001/XMLSchema-instance"
    xsi:schemaLocation="http://www.loc.gov/MARC21/slim http://www.loc.gov/standards/marcxml/schema/MARC21slim.xsd"
    xmlns="http://www.loc.gov/MARC21/slim">

  <leader>01139nam a22002537a 4500</leader>
  <controlfield tag="008">160625s1990       sz||||| |||| 00| 0 fre d</controlfield>
  <datafield tag="082" ind1="0" ind2="4">
    <subfield code="a">759.057</subfield>
    <subfield code="b">H691fe</subfield>
  </datafield>
  <datafield tag="100" ind1=" " ind2=" ">
    <subfield code="a">Hodler, Ferdinand.</subfield>
    <subfield code="9">5266</subfield>
  </datafield>
  <datafield tag="245" ind1="1" ind2="0">
    <subfield code="a">Ferdinand Hodler :</subfield>
    <subfield code="b">collection Adda et Max Schmidheiny /</subfield>
    <subfield code="c">Ferdinand Hodler ; ensayo por Oskar B&#xE4;tschmann y Hans A. L&#xFC;thy ; cat&#xE1;logo por Marcel Baumgartner.</subfield>
  </datafield>
  <datafield tag="250" ind1=" " ind2=" ">
    <subfield code="a">1a ed.</subfield>
  </datafield>
  <datafield tag="260" ind1=" " ind2=" ">
    <subfield code="a">Suiza :</subfield>
    <subfield code="b">Institut suisse pour l'&#xE9;tude de l'art,</subfield>
    <subfield code="c">1990.</subfield>
  </datafield>
  <datafield tag="300" ind1=" " ind2=" ">
    <subfield code="a">120 p.</subfield>
    <subfield code="b">il. col.</subfield>
  </datafield>
  <datafield tag="500" ind1=" " ind2=" ">
    <subfield code="a">Publicado para la ocasi&#xF3;n de la exposici&#xF3;n Ferdinand Hodler Collection Adda et Max Schmidheiny en el Mus&#xE9;e Jenisch, del 25 de marzo al 17 de junio de 1990.</subfield>
  </datafield>
  <datafield tag="505" ind1="0" ind2=" ">
    <subfield code="t">Avant-propos.</subfield>
    <subfield code="t">Hodler peintre</subfield>
    <subfield code="r">Oskar B&#xE4;tschmann.</subfield>
    <subfield code="t">Les collectionneurs de Hodler</subfield>
    <subfield code="r">Hans A. L&#xFC;thy.</subfield>
    <subfield code="t">Catalogue</subfield>
    <subfield code="r">Marcel Baumgartner.</subfield>
    <subfield code="t">Bibliographie et abr&#xE9;viations.</subfield>
  </datafield>
  <datafield tag="653" ind1="1" ind2="0">
    <subfield code="a">Pintura</subfield>
  </datafield>
  <datafield tag="653" ind1="1" ind2="0">
    <subfield code="a">Arte-simbolismo</subfield>
  </datafield>
  <datafield tag="653" ind1="1" ind2="0">
    <subfield code="a">Arte Suizo</subfield>
  </datafield>
  <datafield tag="653" ind1="1" ind2="0">
    <subfield code="a">Siglo 19</subfield>
  </datafield>
  <datafield tag="653" ind1="1" ind2="0">
    <subfield code="a">Cat&#xE1;logo de exhibici&#xF3;n</subfield>
  </datafield>
  <datafield tag="653" ind1="1" ind2="0">
    <subfield code="a">Mus&#xE9;e Jenisch</subfield>
  </datafield>
  <datafield tag="700" ind1="1" ind2=" ">
    <subfield code="a">B&#xE4;tschmann, Oskar.</subfield>
    <subfield code="9">5267</subfield>
  </datafield>
  <datafield tag="700" ind1="1" ind2=" ">
    <subfield code="a">L&#xFC;thy, Hans A.</subfield>
    <subfield code="9">5268</subfield>
  </datafield>
  <datafield tag="700" ind1="1" ind2=" ">
    <subfield code="a">Baumgartner, Marcel.</subfield>
    <subfield code="9">5269</subfield>
  </datafield>
  <datafield tag="999" ind1=" " ind2=" ">
    <subfield code="c">965</subfield>
    <subfield code="d">965</subfield>
  </datafield>
  <datafield tag="952" ind1=" " ind2=" ">
    <subfield code="0">0</subfield>
    <subfield code="1">0</subfield>
    <subfield code="2">ddc</subfield>
    <subfield code="4">0</subfield>
    <subfield code="7">0</subfield>
    <subfield code="a">LV</subfield>
    <subfield code="b">LV</subfield>
    <subfield code="c">Monograf&#xED;as</subfield>
    <subfield code="d">2016-06-25</subfield>
    <subfield code="l">0</subfield>
    <subfield code="o">759.057 H691fe</subfield>
    <subfield code="p">000841</subfield>
    <subfield code="r">2016-06-25 00:00:00</subfield>
    <subfield code="w">2016-06-25</subfield>
    <subfield code="y">01</subfield>
  </datafield>
</record>
